Conflict and youth rights in India :engagement and identity in the North East (Record no. 184604)
[ view plain ]
| 000 -LEADER | |
|---|---|
| fixed length control field | 00526nam a22001697a 4500 |
| 020 ## - INTERNATIONAL STANDARD BOOK NUMBER | |
| ISBN | 978-981-10-3068-0 |
| 041 ## - LANGUAGE CODE | |
| Language code of text/sound track or separate title | eng |
| 082 ## - DEWEY DECIMAL CLASSIFICATION NUMBER | |
| Edition number | 23rd. |
| Classification number | 323.352095416 |
| Item number | FRE |
| 100 ## - MAIN ENTRY--AUTHOR NAME | |
| Personal name | Freddy, Haans J. |
| 245 ## - TITLE STATEMENT | |
| Title | Conflict and youth rights in India :engagement and identity in the North East |
| Statement of responsibility, etc | Haans J. Freddy |
| 260 ## - PUBLICATION, DISTRIBUTION, ETC. (IMPRINT) | |
| Place of publication | Singapore |
| Name of publisher | Palgrave MacMillan |
| Year of publication | 2017 |
| 300 ## - PHYSICAL DESCRIPTION | |
| Number of Pages | xviii,89p.; |
| Dimensions | 23cm. |
| 650 ## - SUBJECT ADDED ENTRY--TOPICAL TERM | |
| Topical Term | Youth-Political activity-India, Northeastern |
| 856 ## - ELECTRONIC LOCATION AND ACCESS | |
| Uniform Resource Identifier | www.palgrave.com |
| 942 ## - ADDED ENTRY ELEMENTS (KOHA) | |
| Koha item type | Books |
| Withdrawn status | Lost status | Damaged status | Collection code | Home library | Current library | Shelving location | Date acquired | Full call number | Accession Number | Koha item type |
|---|---|---|---|---|---|---|---|---|---|---|
| SOCIOLOGY | North Eastern Hill University | North Eastern Hill University | Local Collection | 07/04/2026 | 323.352095416 FRE | 500316 | Local Collection |
